| 000 | 02805nam a2200469Ii 4500 | ||
|---|---|---|---|
| 001 | DIGEDIUOC130 | ||
| 003 | NyNyDIG | ||
| 008 | 140801s2009 sp ob 000 0 spa d | ||
| 006 | m o d | ||
| 007 | cr ||||||||||| | ||
| 020 |
_a9788490294161 _q(eBook) |
||
| 020 | _z9788497888332 | ||
| 020 | _z8497888332 | ||
| 035 | _a(OCoLC)892924192 | ||
| 040 |
_aDGITA _beng _erda _epn _cDGITA |
||
| 050 | 1 | 4 | _aZA3225 eBook |
| 245 | 0 | 0 |
_aDigitalizacion del patrimonio : _barchivos, bibliotecas y museos en la red / _cJosep Vives (coord.) ; Ramon Alberch ... [and 11 others]. |
| 250 | _aPrimera edición en lengua castellana. | ||
| 264 | 1 |
_aBarcelona : _bUniversitat Oberta de Catalunya, _c2009. |
|
| 300 | _a1 online resource (220 pages). | ||
| 336 |
_atext _btxt _2rdacontent |
||
| 337 |
_acomputer _bc _2rdamedia |
||
| 338 |
_aonline resource _bcr _2rdacarrier |
||
| 490 | 1 |
_aAcción cultura ; _v3. _aMuseos y patrimonio |
|
| 504 | _aIncludes bibliographical references (pages 211-220). | ||
| 505 | 0 | _aLa informacionalización de la cultura. A modo de presentación / Glòria Munilla -- Las políticas internacionales de digitalización y su desarrollo en España / Javier Alvárez Josep Vives -- Diseño de un depósito institucional para la difusión de la producción corporativa / Jordi Prats Anna Rovira -- La virtualización de las instituciones del patrimonio: navegando por el museo / M. Dolors Portús Toni Rius Laura Solanilla -- Archivos, la doble faz de la digitalización / Ramon Alberch -- Gestión de bibliotecas digitales: conceptos y elementos básicos en la gestión de colecciones digitales / Dora Pérez -- La gestión de la propiedad intelectual en las colecciones digitales y el fomento del acceso libre a la información / Ignasi Labastida -- Formación de la ciudadanía en entornos de información electrónica: alfabetización informacional / Aurora Cuevas. | |
| 588 | 0 | _aOnline resource; title from ePub and PDF title page (Digitalia, viewed August 10, 2014) | |
| 650 | 0 | _aDigital libraries. | |
| 650 | 0 |
_aMuseums _xTechnological innovations. |
|
| 650 | 0 |
_aCultural property _xProtection. |
|
| 655 | 0 | _aElectronic books. | |
| 700 | 1 |
_aVives i Gràcia, Josep, _editor. |
|
| 700 | 1 |
_aAlberchi Fugueras, Ramón, _d1951- _eauthor. |
|
| 791 | 2 |
_aDigitalia (Firm), _edistributor. |
|
| 793 | 0 |
_gDigitalia eBook Collection: _aUniversitat Oberta de Catalunya. |
|
| 776 | 0 | 8 |
_iPrint version:. _tDigitalizacion del patrimonio : archivos, bibliotecas y museos en la red. _dBarcelona : Universitat Oberta de Catalunya, 2009. _z9788497888332 |
| 830 | 0 |
_aAcción cultura ; _v3. |
|
| 830 | 0 |
_aAcción cultura. _pMuseos y patrimonio. |
|
| 856 | 4 | 0 |
_3Digitalia Hispánica _uhttps://www.digitaliapublishing.com/a/20032/ |
| 910 | _aPremium Collection: 2013 | ||
| 942 | _cRAA | ||
| 999 |
_c236759 _d236759 |
||